LDR 00779naa#a2200169#i#450# 001 EN\\bibl\118706 005 20260516130335.6 011 ## _a1994-4683 100 ## _a20230428b2023####ek#y0engy0150####ca 102 ## _aRU 200 1# _aFEATURES OF THE DEVELOPMENT OF THEORETICAL KNOWLEDGE ABOUT PHYSICAL CULTURE _eJournal article 210 1# _aMoscow _cNational State University of Physical Education, Sports and Health named after P.F. Lesgaft _d2023 215 ## _a4 с. 608 ## _aJournal article _2local 675 ## _aМетодика физического воспитания. Пути и средства физического воспитания. Учебные заведения физической культуры. 796.011.3 _z 700 #1 _aKorolev _gA S 856 4# _auchzapiski.lesgaft.spb.ru _u